Visual Connect Quiz # 1 - Statistics

General Stats
  • This quiz has been taken 119 times
  • The average score is 6 of 25
Answer Stats
Picture Answer % Correct
Barack Obama
92%
Mark Zuckerberg
59%
Colosseum
47%
Fire
41%
Dog
40%
Hulk Hogan
35%
Quora
33%
Amoeba
28%
Parthenon
26%
Teddy Roosevelt
25%
Human
24%
Washington Monument
24%
Al Gore
20%
Ashoka Pillar
20%
SpaceX
18%
Caesar Salad
7%
Harvard Nobel Lauretes
7%
Julius Caesar
7%
Abhijit Banerjee
5%
Tsar Nicholas II
5%
Cesarean Delivery
4%
Julian Calendar
3%
Democracy
2%
Oxygen
2%
Peter Thiel
2%
No matching quizzes found
Score Distribution
Percent of People with Each Score
Percentile by Number Answered
Your Score History
You have not taken this quiz